00848nam a2200181Ia 4500008004100000020001500041050001500056082001500071100004100086245007500127260003200202300004900234505028300283650003500566650001300601700002600614700002600640120626s2005 mx ao 000 0 spa d a968186570104aBJ66bS54  a170bS572e1 aSierra, María Teresa eautor10aEtica y Valores Ic/ Maria Teresa Sierra, Eudaldo Rivas, Marta Pacheco aMéxicob: Limusa.c, 2005 a162 paginasb: ilustraciones ; fotografías aLa ética y su relación con la filosofía Ambitos de decisión personal y social Democracia y derechos humanos México, mosaico multicultural. La influencia de la globalización Las implicaciones éticas de la ciencia Educación ambiental para el desarrollo sustentable14aÉTICAxESTUDIO Y ENSEÑANZA14aVALORES. aRivas, Eudaldoeautor aPacheco, Martaeautor